| 000 | 00507nam a22001817a 4500 | ||
|---|---|---|---|
| 003 | OSt | ||
| 005 | 20170419094052.0 | ||
| 008 | 170419b xxu||||| |||| 00| 0 eng d | ||
| 082 |
_21963 _aDC 150 _bR82 |
||
| 100 |
_919837 _aRuch, Floyd Leon, 1903- |
||
| 245 |
_aPsychology and life/ _cFloyd Leon Ruch, |
||
| 250 | _a6th Edition | ||
| 260 |
_aChicago: _bScott, Foresman, _c1963. |
||
| 300 |
_a685 pages: _billustrations; _c26 cm. |
||
| 500 | _aIncludes index. | ||
| 650 | 0 |
_919838 _aPsychology |
|
| 942 |
_2ddc _cDC |
||
| 999 |
_c6558 _d6558 |
||